000 01426nam a22003017i 4500
003 EG-GICUC
005 20260419170148.0
008 260419s1986 su ||||fr|||| 100 0 ara d
040 _a EG-GICUC
_bara
_c EG-GICUC
_d EG-GICUC
_erda
041 0 _aara
082 0 4 _221
_a345.05
_bم ر . ت
092 0 4 _221
099 _aLaw1 07 345.05 م ر . ت 1986
111 2 _aالمركز العربي للدراسات الامنية والتدريب
_nالندوة العلمية الثانية :
_d27-29 مارس 1983 :
_cالرياض.
_eAuthor.
245 1 2 _aالتنسيق بين مراكز البحوث في الدول العربية /
_cالمركز العربي للدراسات الامنية والتدريب بالرياض.
264 1 _aالرياض :
_bالمركز العربي للدراسات الامنية والتدريب،
_c1986.
300 _a61 صفحة، صفحات غير مرقمة ؛
_c22 سم.
336 _2rda content
_atext
337 _2rda media
_aComputer
338 _2rda carrier
_aOnline Resource
500 _aحقوق النشر والتوزيع محفوظة للمركز العربي للدراسات الأمنية والتدريب بالرياض.
546 _aالنص باللغة العربية
650 1 _aالقانون الإداري
_2qrmak
651 1 _2qrmak
856 4 0 _uhttps://fll.law.cu.edu.eg/fulltext/conf/B07-04263.pdf
905 _a62
942 _2ddc
_cBK
_e21
_n0
999 _c72036
_d72036